000 00329nam a2200145Ia 4500
008 100122s9999 xx 000 0 und d
082 _b60210
_a294.5
100 _aCHINNAYA
245 _aBAL BHAGAVATAM
260 _bCHINMAYA
_c1969
300 _a141
630 _aBAL BHAGAVATAM
730 _aBAL BHAGAVATAM
942 _cBOOK
999 _c377901
_d377898